LEADER 01627nam0 22003853i 450 001 VAN00293857 005 20250530091003.637 017 70$2N$a9783030841645 100 $a20250530d2022 |0itac50 ba 101 $aeng 102 $aCH 105 $a|||| ||||| 181 $ai$b e 182 $ab 183 $acr 200 1 $aMacrophage Targeted Delivery Systems$eBasic Concepts and Therapeutic Applications$fSwati Gupta, Yashwant V. Pathak editors 210 $aCham$cSpringer$d2022 215 $aXVIII, 556 p.$cill.$d24 cm 620 $aCH$dCham$3VANL001889 676 $a616.079$cImmunologia$v22 676 $a615.1$cFarmacologia. Farmaci. Farmacia$v22 676 $a615.9$cTossicologia$v22 702 1$aGupta$bSwati$3VANV249732 702 1$aPathak$bYashwant V.$3VANV214840 712 $aSpringer $3VANV108073$4650 790 1$aPathak, Y. V.$zPathak, Yashwant V.$3VANV214841 790 1$aPathak, Y.V.$zPathak, Yashwant V.$3VANV214842 801 $aIT$bSOL$c20250606$gRICA 856 4 $uhttps://link.springer.com/book/10.1007/978-3-030-84164-5$zE-book - Accesso al full-text attraverso riconoscimento IP di Ateneo, proxy e/o Shibboleth 899 $aBIBLIOTECA DEL DIPARTIMENTO DI SCIENZE E TECNOLOGIE AMBIENTALI BIOLOGICHE E FARMACEUTICHE$1IT-CE0101$2VAN17 912 $fN 912 $aVAN00293857 950 $aBIBLIOTECA DEL DIPARTIMENTO DI SCIENZE E TECNOLOGIE AMBIENTALI BIOLOGICHE E FARMACEUTICHE$d17CONS e-book 2396 $e17BIB2396/120 120 20250530 996 $aMacrophage targeted delivery systems$92922118 997 $aUNICAMPANIA